Provinces of Ecuador on a Map - Statistics

General Stats
  • This quiz has been taken 4,143 times
  • The average score is 13 of 24
Answers on the Map
Answers color-coded by a green-red scale on the quiz's map according to % correct below.
 
Answer Stats
Province % Correct
Galápagos
94%
Guayas
65%
Esmeraldas
64%
Bolívar
60%
El Oro
58%
Loja
56%
Santa Elena
55%
Chimborazo
54%
Manabí
54%
Santo Domingo de los Tsáchilas
54%
Cotopaxi
53%
Pichincha
53%
Azuay
52%
Los Ríos
49%
Orellana
48%
Sucumbíos
48%
Napo
47%
Pastaza
47%
Cañar
45%
Carchi
45%
Imbabura
45%
Zamora Chinchipe
44%
Tungurahua
42%
Morona Santiago
41%
No matching quizzes found
Score Distribution
Percent of People with Each Score
Percentile by Number Answered
Your Score History
You have not taken this quiz